Tìm hiểu ba cuộc đại hội của Đảng /

Đã lưu trong:
书目详细资料
主要作者: Thanh Đạm.
格式: Bài viết
语言:Vietnamese
主题:
标签: 添加标签
没有标签, 成为第一个标记此记录!
Thư viện lưu trữ: Thư viện Trường Đại học Đà Lạt
LEADER 00679nam a2200253 4500
001 DLU090075231
005 ##20090610
040 # # |a DLU  |b vie 
041 # # |a vie 
044 # # |a vn 
100 # # |a Thanh Đạm.  
245 # # |a Tìm hiểu ba cuộc đại hội của Đảng /  |c Thanh Đạm.  
653 # # |a Cách mạng dân tộc dân chủ 
653 # # |a Chủ nghĩa Mác - Lênin 
653 # # |a Văn kiện đại hội 
773 # # |t Tạp chí nghiên cứu lịch sử  |g Số 5, 1976, tr. 20-39 
994 # # |a DLU 
900 # # |a True 
911 # # |a Nguyễn Thị Linh Chi 
925 # # |a G 
926 # # |a A 
927 # # |a BB 
980 # # |a Thư viện Trường Đại học Đà Lạt